Statistics for Translate Names of Cities from Chinese

Click here to take the quiz!

General Stats

  • This quiz has been taken 15 times
  • The average score is 8 of 19

Answer Stats

HintAnswer% Correct
Lun DunLondon
92%
Bo LinBerlin
85%
Luo Shan JiLos Angeles
77%
Niu YueNew York
77%
Dong JingTokyo
69%
Mo Si KeMoscow
54%
Ba LiParis
54%
A Mu Si Te DanAmsterdam
46%
Luo MaRome
46%
Man GuBangkok
38%
Li Yue Re Nei LuRio de Janeiro
31%
Jiu Jin ShanSan Francisco
31%
Han BaoHamburg
23%
Da BanOsaka
23%
Ming Gu WuNagoya
15%
Du Sai Er Duo FuDusseldorf
8%
Meng MaiMumbai
8%
Hua ShaWarsaw
8%
Ma SaiMarseille
0%

Score Distribution

Percentile by Number Answered

Percent of People with Each Score

Your Score History

You have not taken this quiz